Matematyczne metody optymalizacji zjawisk demograficznych

Gespeichert in:
Bibliographische Detailangaben
Format: Buch
Sprache:Polnisch
Veröffentlicht: Warszawa Szkola Glówna planowania i statystyki 1987
Ausgabe:1. wyd.
Tags: Tag hinzufügen
Keine Tags, Fügen Sie das erste Tag hinzu!

MARC

LEADER 00000nam a2200000 4500
001 c040720
005 20221219123416.3
041 0 |a pol 
044 |a PL 
245 1 0 |a Matematyczne metody optymalizacji zjawisk demograficznych 
250 |a 1. wyd. 
264 1 |a Warszawa  |b Szkola Glówna planowania i statystyki  |c 1987 
300 |a 93 s.